East Germany, Central Europe, and the risk of real convergence overshooting
Vývoj vo východnom Nemecku po zjednotení a priority hospodárskej politiky. Stagnácia po roku 1995. Reálna hospodárska konvergencia v strednej Európe. Reálna konvergencia v prístupovom procese do Európskej únie.
Na minha lista:
| Autor principal: | |
|---|---|
| Outros Autores: | |
| Formato: | Capítulo de Livro |
| Idioma: | inglês |
| Assuntos: | |
| Tags: |
Sem tags, seja o primeiro a adicionar uma tag!
|
MARC
| LEADER | 00000naa$a2200000$$$4500 | ||
|---|---|---|---|
| 001 | 0001662 | ||
| 005 | 20231004102616.6 | ||
| 041 | 0 | |a eng | |
| 044 | |a CZ | ||
| 245 | 1 | 0 | |a East Germany, Central Europe, and the risk of real convergence overshooting |c aut. Philipp Rother, Ralph Süppel |
| 520 | |a Vývoj vo východnom Nemecku po zjednotení a priority hospodárskej politiky. Stagnácia po roku 1995. Reálna hospodárska konvergencia v strednej Európe. Reálna konvergencia v prístupovom procese do Európskej únie. | ||
| 610 | 2 | 0 | |a konvergencia |
| 610 | 2 | 0 | |a Nemecko |
| 610 | 2 | 0 | |a východné Nemecko |
| 610 | 2 | 0 | |a stredná Európa |
| 610 | 2 | 0 | |a integrácia ekonomická medzinárodná |
| 610 | 2 | 0 | |a Európska únia |
| 100 | 1 | |a Rother, Philipp C. | |
| 700 | 1 | |a Süppel, Ralph | |